000 00594nam a2200193Ia 4500
005 20250326145158.0
008 250326s9999 xx 000 0 und d
037 _aTextbook
040 _aFMSL
_beng
_cFMSL
041 _aeng
_2eng
084 _aX:8 Q1
_qFMSL
100 _aLewis S
_9750792
245 0 _aAppreciative inquiry for change managment: using AI to facilitate organizational development
_cLewis S And Others
260 _aLondon
_bLondon, Kogan Page
_c2011
365 _b1836.7650000000001
650 _aManagement
942 _cTB
_hX:8 Q1
999 _c1306658
_d1306658